000 00880nam a2200241Ia 4500
999 _c36033
_d36033
001 1932
003 GE_BSU
005 20190423111955.0
008 181216s2007||||ru |||||||||||||| ||rus||
020 _a9785238011684
040 _cGE_BSU
041 _arus
080 _a347.65(470)(075.8) Н-31
245 _aНаследственное право :
_bУчубное пособие для студ. вузов /
_cПод. ред. Н.А.Волковой, М.В. Максютина.
264 _aМосква :
_bЮНИТИ Закон и право,
_c2007.
300 _a192 с. ;
_b20 см.
541 _h8 л.
653 _aსამართალი
653 _aმემკვიდრეობითი სამართალი
700 _aВолкова, Н. А.
_q
_9386
700 _aМаксютина, М. В.
_eредактор
_9387
942 _cBK
_2udc